00318nam a2200121Ia 4500008004100000082001600041100002100057245005200078250000900130260004100139300000800180650000800188191201s2008 xx 000 0 und d a658.81bCRD aCRON, William L. 0aDalrymple's Sales Management Concepts and Cases aRep. aN.DelhibWiley Dreautech Indiac2008 a542 aMBA